| 000 | 00517nam a2200193Ia 4500 | ||
|---|---|---|---|
| 003 | GCL | ||
| 008 | 140319s9999 xx 000 0 ara d | ||
| 040 |
_aGCL / _cGCL |
||
| 082 | 0 | 4 |
_a364.67 _bهـ ت |
| 100 | 1 | _aممدوح عدوان | |
| 245 | 1 | 0 |
_aالتعذيب عبر العصور / _cممدوح عدوان |
| 700 | 1 | _aهروود , بيرنهاردت | |
| 300 | _a208 ص | ||
| 490 | _a | ||
| 650 | 0 | 4 | _aالاعتقال |
| 650 | 0 | 4 | _aالتعذيب |
| 650 | 0 | 4 | _aالعقاب الجسدى |
| 942 |
_2ddc _cBK |
||
| 999 |
_c40394 _d40394 |
||